书目信息 |
| 书名: | Great iseas in computer Science | |
| 作者: | Alan W.Biermann. | |
| 分册号: | ||
| 分册名: | 出版地: | London : |
|
| 出版社: | The MIT Press | |
| 出版时间: | 1990. | |
| 页数: | 446 p. ; | |
| 开本: | 26cm. | |
| 丛书名: | ||
| 中图分类号: | ||
| 科图分类号: | ||
| 其他分类号: | TP3 | |
| 主题词: | ||
| 电子资源: | ||
| 000 | 00408nam 2200145 a 4500 | |
| 001 | E0234891563 | |
| 005 | 2002051509413130 | |
| 008 | 020515s1990 00010 eng | |
| 020 | @a0-262-52148-2. | |
| 040 | @aPFT@beng | |
| 090 | @aTP3 | |
| 099 | @dTP3@eB586 | |
| 245 | @aGreat iseas in computer Science :@bA Gentle Introduction / @cAlan W.Biermann. | |
| 260 | @aLondon :@bThe MIT Press,@c1990. | |
| 300 | @a446 p. ;@c26cm. | |
| Great iseas in computer Science : : A Gentle Introduction / / Alan W.Biermann.-London : : The MIT Press, , 1990. |
| 446 p. ; ; 26cm. |
| ISBN 0-262-52148-2. |
| ● |
| 相关链接 |
|
|
|
正题名:Great iseas in computer Science
索取号:TP3/B586
 
预约/预借
| 序号 | 登录号 | 条形码 | 馆藏地/架位号 | 状态 | 备注 |
| 1 | 3711 | 300037118 | 自科库301/301自科库 43排4列1层/ [索取号:TP3/B586] | 在馆 |